000 00247nam a2200109Ia 4500
008 190216s9999||||xx |||||||||||||| ||und||
100 _aVikraman
245 0 _aMalayalam-Nannavillenno
260 _bNbs Kottayam
650 _aMalayalam
942 _cBK
999 _c24778
_d24778